| 000 | 00930nam a2200229 a 4500 | ||
|---|---|---|---|
| 005 | 20141003132646.0 | ||
| 008 | 140121b2001 ck ||||| |||| 00| 0 spa d | ||
| 041 |
_aspa _heng |
||
| 044 | _ack | ||
| 090 |
_aIAvH _b00204 |
||
| 245 | 0 | 0 |
_aProyectos de investigación cooperación con Alemania : _bPrograma nacional de ciencias del medio ambiente y del hábitat |
| 260 |
_aBogotá : _bColciencias, _bInstituto Alexander von Humboldt, _c2001. |
||
| 300 |
_a89 p. _c28 cm. |
||
| 500 | _aDocumentos de reunión Consejo Programa Nacional de Ciencias del Medio Ambiente y del Hábitat. No. 43, febrero 15 de 2001, realizada en Bogotá. | ||
| 610 |
_aColciencias _927621 |
||
| 650 | 4 |
_aCiencias del medio ambiente _vProyectos _927622 |
|
| 650 | 4 |
_aCiencia y tecnología _vProyectos _927623 |
|
| 650 | 4 |
_aHábitat _vProyectos _927624 |
|
| 651 |
_aColombia _vProyectos _927625 |
||
| 651 |
_aAlemania _vProyectos _927626 |
||
| 942 |
_cINFORME _2z |
||
| 999 |
_c2825 _d2825 |
||